1585 1092 1735 1843 1673 1238 1520 1479 1973 1220 1165 1286 1743 1922 1333 1561 1828 1114 1567 1547 1604 1359 1140 1166 1302 1047 1447 1386 1270 1744 1508 1522 1958 1898 1594 1764 1230 1322 1960 1484 1875 1730 1866 1511 1424 1740 1559 1267 1899 1040 1610 1690 1927 1211 1499 1149 1226 1695 1996 1227 1460 1351 1229 1535 1784 1619 1379 1234 1320 1192 1140 1193 1220 1459 1093 1635 1654 1573 1605 1011 1683 1782 1940 1368 1462 1079 1902 1970 1160 1337 1115 1808 1958 1653 1488 1951 1294 1232 1749 BCNSPRNW ULIB Ver.6.0+V

เปลี่ยนเป็นภาษาไทย

Change to English
 แสดงรายละเอียดบรรณานุกรม
  กลับหน้าหลัก

Brief Record : Get Marc (ISO 2709) : E-mail record : QR code < ปิดหน้าต่าง
LEADER : 00000nam 2200000uu 4500
001    13399127487
003     ULIB
008    200617s2555||||th 000 0 tha d
020    ^a9786164415027
050  4 ^aBF637.C45^bส284ย
100 0  ^aสมศักดิ์ เหลืองอัครเดช
245 10 ^a27 วิธี ครองใจคน /^cสมศักดิ์ เหลืองอัครเดช
250    ^aพิมพ์ครั้งที่ 6
260    ^aกรุงเทพฯ :^bDดี,^c2555
300    ^a208 หน้า ;^bภาพประกอบ ;^c21 ซม.
500    ^aระบุพิมพ์ครั้งที่ 6 จากหน้าปก
650  0 ^aRelationships between person
650  0 ^aInterpersonal relations
650  4 ^aการสื่อสารระหว่างบุคคล
650  4 ^aความสัมพันธ์ระหว่างบุคคล
650  4 ^aมนุษยสัมพันธ์
650  4 ^aการจูงใจ (จิตวิทยา)
650  4 ^aจิตวิทยาประยุกต์
945    ^p220^l0^i28393
999    ^aกัณชพร จุลอักษร
รายการนี้ยังไม่มีแท็ก
คุณยังไม่ได้ล็อกอิน คุณสามารถมีกิจกรรมร่วมกับเว็บไซต์ได้ แต่ต้องล็อกอินก่อน ::
  ล็อกอิน

รายการสื่อสารสนเทศ

ลำดับที่ ประเภท เลขเรียก/บาร์โค้ด สถานที่ สถานะ
1. วิทยาศาสตร์การแพทย์ และสุขภาพ
วิทยาศาสตร์การแพทย์ และสุขภาพ
BF637.C45 ส284ย ฉ.1 
  Barcode: 28393
ห้องสมุดวิทยาเขตนครสวรรค์
►หนังสือทั่วไป:l:General Books
บนชั้น

รายการใกล้เคียง
    ผู้แต่ง [สมศักดิ์ เหลืองอัครเดช]

    หัวเรื่อง [Relationships between person]
    หัวเรื่อง [Interpersonal relations]
    หัวเรื่อง [การสื่อสารระหว่างบุคคล]
    หัวเรื่อง [ความสัมพันธ์ระหว่างบุคคล]
    หัวเรื่อง [มนุษยสัมพันธ์]
    หัวเรื่อง [การจูงใจ (จิตวิทยา)]
    หัวเรื่อง [จิตวิทยาประยุกต์]

BibComment


ยังไม่เคยถูกคอมเมนท์

คอมเมนท์ทรัพยากรรายการนี้
  คอมเมนท์: 27 วิธี ครองใจคน..


 Copyright 2026. Bcnsprnw @Library